[Event "Tuimazy RB-ch YM 98/99"]
[Site "Tuimazy"]
[Date "2015.08.18"]
[Round "3"]
[White "Kolobov, Leonid"]
[Black "Mingazov, Almaz"]
[Result "1/2-1/2"]
[WhiteElo "1982"]
[BlackElo "2097"]
[PlyCount "79"]
[EventDate "2015.08.18"]
[EventType "tourn"]
[EventRounds "7"]
[EventCountry "RUS"]
[SourceTitle "EXT 2022"]
[Source "ChessBase"]
[SourceDate "2021.10.06"]
[SourceVersion "1"]
[SourceVersionDate "2021.10.06"]
[SourceQuality "1"]

1. d4 Nf6 2. c4 g6 3. Nc3 d5 4. cxd5 Nxd5 5. Bd2 Bg7 6. e4 Nxc3 7. Bxc3 c5 8. d5 Bxc3+ 9. bxc3 0-0 10. h3 e6 11. Bc4 exd5 12. Bxd5 Qg5 13. Qf3 Nd7 14. Ne2 Ne5 15. Qg3 Qxg3 16. Nxg3 Rb8 17. a4 b6 18. Ke2 Ba6+ 19. Ke3 Nc4+ 20. Bxc4 Bxc4 21. f4 Rbd8 22. Rhd1 f6 23. Nh1 Kf7 24. Nf2 Rfe8 25. Rxd8 Rxd8 26. a5 b5 27. Rb1 Ke6 28. g4 g5 29. f5+ Ke5 30. h4 h6 31. Rh1 b4 32. hxg5 hxg5 33. cxb4 cxb4 34. Rh7 Rb8 35. Rc7 Bf1 36. Rc6 Re8 37. Rc1 Ba6 38. Rc6 Bf1 39. Rc1 Ba6 40. Rc6 1/2-1/2

[Event "Tuimazy RB-ch YM 98/99"]
[Site "Tuimazy"]
[Date "2015.08.18"]
[Round "1"]
[White "Kolobov, Leonid"]
[Black "Zinatullin, Ildar"]
[Result "0-1"]
[WhiteElo "1982"]
[BlackElo "1798"]
[PlyCount "108"]
[EventDate "2015.08.18"]
[EventType "tourn"]
[EventRounds "7"]
[EventCountry "RUS"]
[SourceTitle "EXT 2022"]
[Source "ChessBase"]
[SourceDate "2021.10.06"]
[SourceVersion "1"]
[SourceVersionDate "2021.10.06"]
[SourceQuality "1"]

1. d4 e6 2. c4 d5 3. Nf3 Nf6 4. Nc3 c6 5. e3 Bd6 6. Bd3 0-0 7. 0-0 Nbd7 8. e4 dxe4 9. Nxe4 Nxe4 10. Bxe4 Qc7 11. h3 Bf4 12. Qe2 Nf6 13. Bc2 Bxc1 14. Raxc1 c5 15. Rfd1 cxd4 16. Rxd4 b6 17. Rcd1 Bb7 18. Qe5 Qc6 19. b3 Rac8 20. Bb1 Qc5 21. Qxc5 Rxc5 22. Ne1 g6 23. f3 e5 24. Rd6 Kg7 25. Nd3 Ra5 26. Nb2 e4 27. fxe4 Nxe4 28. R6d3 Rg5 29. Re3 Nc3 30. Rxc3 Rxg2+ 31. Kf1 Rxb2 32. Rc2 Rxc2 33. Bxc2 Bc8 34. h4 f6 35. b4 Bh3+ 36. Kf2 Rc8 37. Bb3 Be6 38. Rd4 f5 39. Ke3 Kf6 40. Kd3 Ke5 41. a4 a6 42. Bd1 h6 43. Bf3 g5 44. hxg5 hxg5 45. Kc3 Rh8 46. Bb7 a5 47. bxa5 bxa5 48. Rd3 Rb8 49. Ba6 f4 50. c5 Rb3+ 51. Kc2 Rxd3 52. Kxd3 Bd7 53. Bb7 Bxa4 54. c6 Kd6 0-1

[Event "Tuimazy RB-ch YM 98/99"]
[Site "Tuimazy"]
[Date "2015.08.18"]
[Round "2"]
[White "Sibagatullin, Timur"]
[Black "Kolobov, Leonid"]
[Result "0-1"]
[WhiteElo "1784"]
[BlackElo "1982"]
[PlyCount "110"]
[EventDate "2015.08.18"]
[EventType "tourn"]
[EventRounds "7"]
[EventCountry "RUS"]
[SourceTitle "EXT 2022"]
[Source "ChessBase"]
[SourceDate "2021.10.06"]
[SourceVersion "1"]
[SourceVersionDate "2021.10.06"]
[SourceQuality "1"]

1. Nf3 f5 2. d4 Nf6 3. c4 g6 4. Nc3 Bg7 5. e3 0-0 6. b4 d6 7. Qb3 Kh8 8. Bb2 Nbd7 9. Ng5 Nb8 10. c5 d5 11. Nf3 e6 12. Ne5 Ne4 13. Ne2 c6 14. f3 Nf6 15. a4 Nbd7 16. Nf4 Qe8 17. Be2 g5 18. Nfd3 Nxe5 19. dxe5 Nd7 20. f4 Qe7 21. Bd4 b6 22. Rc1 Bb7 23. b5 Rfc8 24. 0-0 gxf4 25. exf4 cxb5 26. Qxb5 a6 27. Qb4 Bf8 28. Qb2 Nxc5 29. Qxb6 Rc6 30. Bxc5 Rxb6 31. Bxe7 Bxe7 32. Rc7 Bd8 33. Rc3 Rc6 34. Rb3 Rb6 35. Rc3 Rc8 36. Rxc8 Bxc8 37. Rc1 Bd7 38. Ra1 Be7 39. g4 fxg4 40. Bxg4 Rb3 41. Be2 Kg7 42. Kf2 Kf8 43. Nc1 Bc5+ 44. Ke1 Rb6 45. a5 Rc6 46. Nd3 Bd4 47. Ra3 Rc7 48. Kd2 Bb5 49. Rb3 Ba4 50. Ra3 Rc2+ 51. Ke1 Bb5 52. Kd1 Rc4 53. Kd2 Rc7 54. Kd1 Be3 55. Rb3 Ba4 0-1